| 000 | 00629cam a2200205 a 4500 | ||
|---|---|---|---|
| 001 | 000005999 | ||
| 005 | 20200929151858.0 | ||
| 008 | 900904s1986 mnua 000 p spa | ||
| 020 | _a091023504X | ||
| 040 |
_aDO-SdBNP _bspa _cBNPHU |
||
| 082 |
_aCu861.44 _bC357ci |
||
| 100 | 1 |
_aCatalá, Rafael, _d1942- _99221 |
|
| 245 | 1 | 0 |
_aCiencia poesía / _cRafael Catalá. |
| 260 |
_aMinneapolis, Minnesota, USA : _bPrisma Books, _c1986. |
||
| 300 |
_a126 p. : _bil. ; _c21 cm. |
||
| 490 | 0 |
_aPoesía guámpara _v1 |
|
| 650 | 4 |
_aPoesía cubana _95226 |
|
| 650 | 4 |
_aLiteratura cubana _ySIGLO XX _99186 |
|
| 830 | 0 |
_aPoesía guámpara ; _n1 _916901 |
|
| 999 |
_c5795 _d5795 |
||